书目信息 |
| 题名: |
网络广告设计立体化教程
|
|
| 作者: | 杨爽 , 李冬影 主编 | |
| 分册: | ||
| 出版信息: | 北京 电子工业出版社 2022 |
|
| 页数: | 174页 | |
| 开本: | 26cm | |
| 丛书名: | ||
| 单 册: | ||
| 中图分类: | F713.852 , F713.8 | |
| 科图分类: | ||
| 主题词: | 网络广告--设计--职业大学--教材 | |
| 电子资源: | ||
| ISBN: | 978-7-121-43310-8 | |
| 000 | 00988nam0 2200253 450 | |
| 001 | 2257856843 | |
| 005 | 20221001160431.27 | |
| 010 | @a978-7-121-43310-8@dCNY58.00 | |
| 100 | @a20220616d2022 em y0chiy50 ea | |
| 101 | 0 | @achi |
| 102 | @aCN@b110000 | |
| 105 | @aa z 000yy | |
| 200 | 1 | @a网络广告设计立体化教程@9wang luo guang gao she ji li ti hua jiao cheng@f杨爽,李冬影主编 |
| 210 | @a北京@c电子工业出版社@d2022 | |
| 215 | @a174页@c彩图@d26cm | |
| 300 | @a高等职业院校数字媒体·艺术设计精品课程系列教材 | |
| 330 | @a本书内容紧跟时代发展,以就业为导向,以网络广告专门化方向的岗位职业技能为依据,培养学生策划、评估网络广告,综合利用各种设计软件、H5在线设计平台等工具制作移动互联网广告、计算机网络广告,并将广告发布到互联网平台上的能力。 | |
| 606 | 0 | @a网络广告@x设计@x职业大学@j教材 |
| 690 | @aF713.852@v5 | |
| 690 | @aF713.8@v4 | |
| 701 | 0 | @a杨爽@9yang shuang@4主编 |
| 701 | 0 | @a李冬影@9li dong ying@4主编 |
| 801 | 0 | @aCN@b91MARC@c20220712 |
| 905 | @aZUCC@dF713.8@e269 | |
| 网络广告设计立体化教程/杨爽,李冬影主编.-北京:电子工业出版社,2022 |
| 174页:彩图;26cm |
| 高等职业院校数字媒体·艺术设计精品课程系列教材 |
| ISBN 978-7-121-43310-8:CNY58.00 |
| 本书内容紧跟时代发展,以就业为导向,以网络广告专门化方向的岗位职业技能为依据,培养学生策划、评估网络广告,综合利用各种设计软件、H5在线设计平台等工具制作移动互联网广告、计算机网络广告,并将广告发布到互联网平台上的能力。 |
| ● |
| 相关链接 |
|
|
|
正题名:网络广告设计立体化教程
索取号:F713.8/269
 
预约/预借
| 序号 | 登录号 | 条形码 | 馆藏地/架位号 | 状态 | 备注 |
| 1 | 2000910463 | 2000910463 | 第三书库/ [索取号:F713.8/269] | 在馆 | |
| 2 | 2000910464 | 2000910464 | 第三书库/ [索取号:F713.8/269] | 在馆 | |
| 3 | 2000910465 | 2000910465 | 第三书库/ [索取号:F713.8/269] | 在馆 |